|
|
|
|
| LEADER |
00000nab a2200000 a 4500 |
| 001 |
vtls000676843 |
| 003 |
SK-MaSNL |
| 005 |
20260303184037.0 |
| 008 |
180206c1998 xo 0 slo |
| 015 |
|
|
|a SNBRB1998/10-30004
|
| 035 |
|
|
|a CLN000029013
|
| 040 |
|
|
|a SNKBUCL
|b slo
|c SNKBUCL
|e AACR2
|
| 041 |
0 |
|
|a slo
|
| 044 |
|
|
|a xo
|c SK
|
| 080 |
|
|
|a 329.14(437.6)SDĽ:328.131(437.6)
|2 UDC-MRF-SK2
|
| 080 |
|
|
|a 329(437.6):328.131(437.6)
|2 UDC-MRF-SK2
|
| 100 |
0 |
|
|a (SP)
|4 aut
|9 838742
|
| 245 |
1 |
0 |
|a SDĽ sa včerajším vyhlásením o možnej neúčasti SMK vo vláde priblížila k postojom Slotovej SNS
|c [autori] (sp, jo)
|
| 610 |
|
7 |
|a Slovensko
|b Vláda
|x zostavenie
|y 1998
|2 snkbucl
|9 904135
|
| 610 |
2 |
7 |
|a Strana demokratickej ľavice
|2 snkbucl
|9 165260
|
| 651 |
|
7 |
|a Slovensko
|x politika vnútorná
|x situácia povolebná
|y 1998
|2 snkbucl
|9 904125
|
| 655 |
|
7 |
|a články z novín a časopisov
|2 snkbucl
|9 267496
|
| 700 |
0 |
|
|a (jo)
|4 aut
|9 891264
|
| 773 |
0 |
|
|t Sme
|g Roč. 6 a 51, č. 228 (3.10.1998), s. 1-2
|
| 850 |
|
|
|a Slovenská národná knižnica v Martine
|
| 852 |
|
|
|a SNK
|b KIS3GCP
|
| 958 |
|
|
|a RBX
|
| 999 |
|
|
|c 2124613
|d 2126543
|